000 00605nam a22002057a 4500
005 20180725113241.0
010 _aENG-123593
020 _c220.00
_a9788170589136
035 _aEN-107125
037 _bDBAD/PUB
082 _a181.499
100 _aRishabhchand
245 _aIn the monther's light /
_cby Rishabhchand
250 _b3rd edn.
260 _aPondicherry
_c2011
_bSri Aurobindo Ashram
270 _aPublication Department
_e605002
_bPondicherry
300 _a383p.
_c22cm.(pbk)
_bill.(pictures)
500 _aAt the feet of the Mother
942 _2ddc
_cEN
_h181.499
_mRIS
999 _c154781
_d154781